Normal view
MARC view
- Núñez, Claudio
Entry Nombre Personal
001 - NUMERO DE CONTROL
- campo de control: 56936
003 - IDENTIFICADOR DE NUMERO DE CONTROL
- campo de control: MX-MxUPN
005 - FECHA Y HORA DE LA ÜLTIMA TRANSACCIÓN
- campo de control: 20251111121548.0
008 - DATOS DE LONGITUD FIJA
- campo de control de longitud fija: 250610na acnnnaabn b a|a d
040 ## - FUENTE DE CATALOGACIÓN
- Agencia original de catalogación: MX-MxUPN
100 ## - ENCABEZAMIENTO - NOMBRE PERSONAL
- Nombre personal: Núñez, Claudio
670 ## - FUENTE EN LA QUE SE LOCALIZARON DATOS
- Cita de la fuente: Historias de vida en educación: Sujeto, diálogo, experiencia
- Información localizada: Portada: (Coordinación... Claudio Núñez)
902 ## - CATALOGADOR
- Catalogador: Maiella Martínez
902 ## - CATALOGADOR
- Catalogador: Berenice Martínez/111125
